top 10 worst rappers - Statistics

General Stats
  • This quiz has been taken 12 times
  • The average score is 2 of 10
Answer Stats
Hint Answer % Correct
6 blueface
36%
3 nicki minaj
36%
5 jake paul
27%
2 Soulja boy
27%
1 lil wayne
18%
7 lil yachty
18%
4 iggy azalea
9%
8 jojo simmons
0%
9 sillk the shocker
0%
10 stunna 4 vegas
0%
No matching quizzes found
Score Distribution
Percent of People with Each Score
Percentile by Number Answered
Your Score History
You have not taken this quiz